[Event "CZE-chT2D 0910"]
[Site "Czech Republic"]
[Date "2009.11.22"]
[Round "3.8"]
[White "Svoboda, Ivo"]
[Black "Smutny, Jan"]
[Result "0-1"]
[WhiteElo "2017"]
[BlackElo "2083"]
[PlyCount "104"]
[EventDate "2009.10.18"]
[EventType "team-tourn"]
[EventRounds "11"]
[EventCountry "CZE"]
[SourceTitle "EXT 2012"]
[Source "ChessBase"]
[SourceDate "2011.11.24"]
[SourceVersion "1"]
[SourceVersionDate "2011.11.24"]
[SourceQuality "1"]
[WhiteTeam "Zdar nad Sazavou"]
[BlackTeam "Pardubice AKIS"]
[WhiteTeamCountry "CZE"]
[BlackTeamCountry "CZE"]

1. Nf3 Nf6 2. c4 c6 3. d4 d5 4. Nc3 g6 5. g3 Bg7 6. Bg2 0-0 7. 0-0 a6 8. a4 Nbd7 9. a5 Re8 10. Ne5 e6 11. Nxd7 Nxd7 12. e4 c5 13. exd5 cxd4 14. dxe6 dxc3 15. exd7 Bxd7 16. bxc3 Bxc3 17. Rb1 Bf5 18. Rxb7 Qxd1 19. Rxd1 Bc2 20. Rf1 Bd3 21. Be3 Bxf1 22. Kxf1 Rab8 23. c5 Rxb7 24. Bxb7 Bxa5 25. Bxa6 Bc7 26. c6 Ra8 27. Bb7 Ra2 28. Kg2 Kf8 29. Bc5+ Ke8 30. Bc8 Kd8 31. Bd7 Rc2 32. Be3 f6 33. g4 Bd6 34. h4 Bc5 35. Bxc5 Rxc5 36. f3 Ke7 37. Kg3 Kd6 38. Kf4 h6 39. Be8 g5+ 40. hxg5 hxg5+ 41. Kg3 Ke5 42. Bd7 Rc3 43. Bf5 Rxc6 44. Be4 Rc3 45. Bf5 Kd4 46. Be4 Ke3 47. Bb7 Rc1 48. Kg2 Kf4 49. Be4 Ra1 50. Bd5 Rd1 51. Bc6 Rd2+ 52. Kf1 Kg3 0-1

[Event "Zdar nad Sazavou Vysocina op 6th"]
[Site "Zdar nad Sazavou"]
[Date "2009.09.28"]
[Round "4"]
[White "Horyna, Josef"]
[Black "Svoboda, Ivo"]
[Result "0-1"]
[WhiteElo "1859"]
[BlackElo "2017"]
[PlyCount "108"]
[EventDate "2009.09.26"]
[EventType "swiss"]
[EventRounds "9"]
[EventCountry "CZE"]
[SourceTitle "CBM 132 Extra"]
[Source "ChessBase"]
[SourceDate "2009.11.03"]
[SourceVersion "1"]
[SourceVersionDate "2009.11.03"]
[SourceQuality "1"]

1. d4 d5 2. Nf3 Nf6 3. g3 c6 4. Bg2 Bg4 5. 0-0 Nbd7 6. Nbd2 e6 7. c4 Be7 8. Qb3 Qb6 9. c5 Qxb3 10. axb3 0-0 11. b4 b6 12. Ra6 Rfc8 13. Re1 Bf5 14. Nf1 Ne4 15. Bd2 e5 16. Rea1 Rab8 17. Bc3 bxc5 18. bxc5 Bf6 19. Rxa7 exd4 20. Nxd4 Bxd4 21. Bxd4 Nexc5 22. Ne3 Be6 23. Bxc5 Nxc5 24. Nd1 h6 25. Rc1 Nb3 26. Rc3 Nd4 27. Kf1 Nb5 28. Ra1 Nxc3 29. bxc3 Bf5 30. Ke1 Rb1 31. Rxb1 Bxb1 32. Kd2 Rb8 33. h4 Bf5 34. c4 dxc4 35. Bxc6 Rd8+ 36. Kc1 Rc8 37. Bd5 Rc5 38. e4 Be6 39. Ne3 Kf8 40. Kc2 Ke7 41. Kc3 Bxd5 42. exd5 Kd6 43. Kd4 c3 44. Nc2 h5 45. f3 g6 46. g4 f6 47. gxh5 gxh5 48. f4 Rxd5+ 49. Kxc3 Rc5+ 50. Kd3 Rxc2 51. Kxc2 Kd5 52. Kd3 f5 53. Ke3 Kc4 54. Ke2 Kd4 0-1

[Event "CZE-chT2D 0809"]
[Site "Czech Republic"]
[Date "2009.02.22"]
[Round "9.6"]
[White "Holemar, David"]
[Black "Svoboda, Ivo"]
[Result "1-0"]
[WhiteElo "2326"]
[BlackElo "2021"]
[PlyCount "59"]
[EventDate "2008.10.12"]
[EventType "team-tourn"]
[EventRounds "11"]
[EventCountry "CZE"]
[SourceTitle "EXT 2010"]
[Source "ChessBase"]
[SourceDate "2010.11.25"]
[SourceVersion "1"]
[SourceVersionDate "2010.11.25"]
[SourceQuality "1"]

1. Nf3 Nf6 2. g3 b6 3. Bg2 Bb7 4. 0-0 e6 5. d4 Be7 6. c4 0-0 7. Nc3 d5 8. Ne5 Nbd7 9. Qa4 Nxe5 10. dxe5 Ne4 11. Nxe4 dxe4 12. Rd1 Qe8 13. Qc2 Qc6 14. Rd4 Rad8 15. Bxe4 Rxd4 16. Bxc6 Bxc6 17. Be3 Rd7 18. Rd1 Rxd1+ 19. Qxd1 Rd8 20. Qc2 h6 21. h4 f5 22. exf6 Bxf6 23. f3 Be8 24. b4 c6 25. Kf2 Bf7 26. a4 Rc8 27. c5 bxc5 28. Qxc5 Rb8 29. Qd6 Rb7 30. Bc5 1-0